[Event "Titled Tuesday intern op 07th Jan Early"]
[Site "Chess.com INT"]
[Date "2025.01.07"]
[Round "5"]
[White "Adelman, Charles D"]
[Black "Cuenca Jimenez, Jose Fernando"]
[Result "0-1"]
[WhiteElo "2268"]
[BlackElo "2491"]
[PlyCount "98"]
[EventDate "2025.01.07"]
[EventType "swiss (blitz)"]
[EventRounds "11"]
[EventCountry "USA"]
[SourceTitle "CB03_2025"]
[SourceDate "2025.01.15"]
[SourceVersion "1"]
[SourceVersionDate "2025.01.15"]
[SourceQuality "1"]

1. Nf3 Nf6 2. c4 g6 3. g3 Bg7 4. Bg2 0-0 5. 0-0 d6 6. Nc3 c5 7. d4 Nc6 8. dxc5 dxc5 9. Be3 Be6 10. Bxc5 Qxd1 11. Raxd1 Bxc4 12. Nd4 Rac8 13. Nxc6 bxc6 14. Bxe7 Rfe8 15. Ba3 Nd5 16. Nxd5 cxd5 17. Rd2 Bxe2 18. Re1 Bc4 19. Rxe8+ Rxe8 20. Bxd5 Re1+ 21. Kg2 Bf1+ 22. Kf3 h5 23. Bb3 Re5 24. Rd8+ Kh7 25. Rd7 Be2+ 26. Kg2 Rf5 27. Rxf7 Bf3+ 28. Kf1 Rxf7 29. Bxf7 Bd4 30. h4 Kg7 31. Bc4 Kf6 32. Bb4 Kf5 33. Bc3 Bc5 34. b4 Bb6 35. Bd3+ Be4 36. Bxe4+ Kxe4 37. Ke2 a6 38. f3+ Kd5 39. Kd3 Bf2 40. g4 Bxh4 41. gxh5 gxh5 42. a4 Bg3 43. Bf6 h4 44. Bxh4 Bxh4 45. b5 a5 46. Ke3 Bd8 47. Kf4 Kc5 48. Ke5 Kb4 49. f4 Kxa4 0-1

[Event "Titled Tuesday intern op 07th Jan Early"]
[Site "Chess.com INT"]
[Date "2025.01.07"]
[Round "2"]
[White "Tan, Ralph"]
[Black "Adelman, Charles D"]
[Result "0-1"]
[WhiteElo "2037"]
[BlackElo "2268"]
[PlyCount "118"]
[EventDate "2025.01.07"]
[EventType "swiss (blitz)"]
[EventRounds "11"]
[EventCountry "USA"]
[SourceTitle "CB03_2025"]
[SourceDate "2025.01.15"]
[SourceVersion "1"]
[SourceVersionDate "2025.01.15"]
[SourceQuality "1"]

1. e4 Nf6 2. e5 Nd5 3. d4 d6 4. c4 Nb6 5. Nf3 g6 6. Be2 Bg7 7. exd6 cxd6 8. 0-0 0-0 9. Nc3 Nc6 10. Be3 e5 11. d5 Ne7 12. c5 dxc5 13. Bxc5 Re8 14. Bb5 Bd7 15. Bxb6 axb6 16. d6 Nf5 17. Bc4 Be6 18. Bd5 Qxd6 19. Bxb7 Rad8 20. Qxd6 Rxd6 21. Rfe1 Nd4 22. Nxd4 Rxd4 23. Rad1 Red8 24. Bf3 Rxd1 25. Rxd1 Rxd1+ 26. Bxd1 f5 27. Kf1 e4 28. Bb3 Bxb3 29. axb3 Bd4 30. Ke2 Kf7 31. f3 exf3+ 32. Kxf3 Ke6 33. Kf4 h6 34. h3 g5+ 35. Kf3 Ke5 36. Na4 h5 37. b4 g4+ 38. hxg4 hxg4+ 39. Ke2 f4 40. b5 Ke4 41. Kf1 Kd3 42. Ke1 Kc2 43. Ke2 Kb3 44. Nc3 Bxc3 45. bxc3 Kxc3 46. Kd1 Kb4 47. Kd2 Kxb5 48. Kd3 Kc5 49. Ke4 f3 50. gxf3 gxf3 51. Kxf3 Kc4 52. Ke2 Kc3 53. Kd1 Kb2 54. Kd2 b5 55. Kd3 b4 56. Kd2 b3 57. Kd1 Ka2 58. Kd2 b2 59. Kc2 b1Q+ 0-1

[Event "Titled Tuesday intern op 30th Apr Late"]
[Site "Chess.com INT"]
[Date "2024.04.30"]
[Round "1"]
[White "Adelman, Charles D"]
[Black "Golubev, Mikhail"]
[Result "0-1"]
[WhiteElo "2268"]
[BlackElo "2461"]
[PlyCount "70"]
[EventDate "2024.04.30"]
[EventType "swiss (blitz)"]
[EventRounds "11"]
[EventCountry "USA"]
[SourceTitle "EXT 2025"]
[Source "ChessBase"]
[SourceDate "2024.10.14"]
[SourceVersion "1"]
[SourceVersionDate "2024.10.14"]
[SourceQuality "1"]

1. Nf3 d6 2. d4 Nf6 3. g3 g6 4. Bg2 Bg7 5. b3 0-0 6. Bb2 a5 7. a3 a4 8. b4 d5 9. Nbd2 Nbd7 10. 0-0 Nb6 11. Rc1 c6 12. c4 Nxc4 13. Nxc4 dxc4 14. Rxc4 Be6 15. Rc1 Bb3 16. Qd3 Nd7 17. Nd2 Be6 18. e4 Ne5 19. Qc2 Ng4 20. h3 Nf6 21. f4 Nh5 22. g4 Bxd4+ 23. Bxd4 Qxd4+ 24. Kh2 Nf6 25. f5 Bb3 26. Nxb3 axb3 27. Qxb3 Nxe4 28. Rc4 Qd6+ 29. Kg1 Nd2 30. Qc2 Nxc4 31. Qxc4 Rxa3 32. fxg6 hxg6 33. b5 cxb5 34. Qxb5 b6 35. Qc4 Qc5+ 0-1

[Event "Titled Tuesday intern op 30th Apr Late"]
[Site "Chess.com INT"]
[Date "2024.04.30"]
[Round "10"]
[White "Adelman, Charles D"]
[Black "Martin Barcelo, Carles"]
[Result "1/2-1/2"]
[WhiteElo "2268"]
[BlackElo "2254"]
[PlyCount "153"]
[EventDate "2024.04.30"]
[EventType "swiss (blitz)"]
[EventRounds "11"]
[EventCountry "USA"]
[SourceTitle "EXT 2025"]
[Source "ChessBase"]
[SourceDate "2024.10.14"]
[SourceVersion "1"]
[SourceVersionDate "2024.10.14"]
[SourceQuality "1"]

1. Nf3 e6 2. c4 b6 3. g3 Bb7 4. Bg2 g6 5. 0-0 Bg7 6. d4 Nf6 7. Nc3 0-0 8. Re1 Ne4 9. Bd2 d6 10. Qc2 Nxd2 11. Qxd2 c5 12. e4 Nd7 13. Rad1 a6 14. dxc5 Nxc5 15. Qxd6 Qxd6 16. Rxd6 Bxc3 17. bxc3 Bxe4 18. Rxb6 Rab8 19. Rxb8 Rxb8 20. Nd4 Bxg2 21. Kxg2 Rc8 22. Rb1 Na4 23. Rb4 Nxc3 24. a4 Kg7 25. Rb7 Kf6 26. Nf3 Nxa4 27. Ra7 Rxc4 28. Rxa6 Nc3 29. h4 h6 30. Ra7 Rc5 31. Nh2 Ne4 32. Ng4+ Kg7 33. Ne3 Rb5 34. Kf3 Nd2+ 35. Ke2 Ne4 36. Kf3 Nc3 37. Nc4 Rf5+ 38. Kg2 Nb5 39. Rb7 h5 40. f4 Rc5 41. Ne5 Nc7 42. Nd7 Rc2+ 43. Kf3 Rc3+ 44. Kg2 Rc2+ 45. Kh3 Rc1 46. Kg2 Nd5 47. Ne5 Rc7 48. Rxc7 Nxc7 49. Kf3 Kf6 50. g4 hxg4+ 51. Kxg4 Nd5 52. Nd7+ Ke7 53. Ne5 Ne3+ 54. Kf3 Nf5 55. Kg4 Kf6 56. h5 Nh6+ 57. Kh4 gxh5 58. Kxh5 Ng8 59. Kg4 Nh6+ 60. Kf3 Kf5 61. Nc4 f6 62. Ne3+ Kg6 63. f5+ Nxf5 64. Nc4 Kf7 65. Kf4 Ne7 66. Nd6+ Kg6 67. Ne8 Nd5+ 68. Ke4 Ne7 69. Nc7 Kf7 70. Kf4 Ng6+ 71. Kg4 Ne5+ 72. Kf4 Nd7 73. Ke4 Kg6 74. Nxe6 f5+ 75. Kf3 Nf6 76. Nd4 Kg5 77. Nxf5 1/2-1/2

[Event "Titled Tuesday intern op 02nd Apr Early"]
[Site "Chess.com INT"]
[Date "2024.04.02"]
[Round "1"]
[White "Acosta Villarroel, Lorner Justus"]
[Black "Adelman, Charles D"]
[Result "1-0"]
[WhiteElo "2168"]
[BlackElo "2268"]
[PlyCount "57"]
[EventDate "2024.04.02"]
[EventType "swiss (blitz)"]
[EventRounds "11"]
[EventCountry "USA"]
[SourceTitle "CBM 219 Extra"]
[Source "ChessBase"]
[SourceDate "2024.05.31"]
[SourceVersion "1"]
[SourceVersionDate "2024.05.31"]
[SourceQuality "1"]

1. Nf3 Nf6 2. d4 c5 3. e3 b6 4. Bd3 Bb7 5. 0-0 g6 6. b3 Bg7 7. Bb2 0-0 8. dxc5 bxc5 9. c4 d6 10. Qe2 Nbd7 11. Rd1 Ng4 12. Bxg7 Kxg7 13. Nc3 Nge5 14. Be4 Nxf3+ 15. Bxf3 Bxf3 16. Qxf3 Nf6 17. h4 Qc7 18. Nd5 Nxd5 19. Rxd5 h5 20. Rad1 a5 21. Qg3 Kh7 22. Qf3 a4 23. e4 axb3 24. axb3 Ra6 25. R1d3 Ra1+ 26. Kh2 f6 27. Rxh5+ gxh5 28. Qxh5+ Kg7 29. Rg3# 1-0

[Event "Titled Tuesday intern op 19th Mar Early"]
[Site "Chess.com INT"]
[Date "2024.03.19"]
[Round "2"]
[White "Lehtosaari, Mauri"]
[Black "Adelman, Charles D"]
[Result "1-0"]
[WhiteElo "2141"]
[BlackElo "2268"]
[PlyCount "53"]
[EventDate "2024.03.19"]
[EventType "swiss (blitz)"]
[EventRounds "11"]
[EventCountry "USA"]
[SourceTitle "EXT 2025"]
[Source "ChessBase"]
[SourceDate "2024.10.14"]
[SourceVersion "1"]
[SourceVersionDate "2024.10.14"]
[SourceQuality "1"]

1. d4 Nf6 2. c4 e6 3. Nc3 c5 4. d5 exd5 5. cxd5 d6 6. Nf3 g6 7. Bg5 Bg7 8. e3 a6 9. a4 Bg4 10. Be2 Bxf3 11. Bxf3 Nbd7 12. 0-0 0-0 13. a5 Rb8 14. h3 b5 15. axb6 Rxb6 16. Qc2 Qb8 17. Ra2 Qb7 18. Rfa1 Rb8 19. Bf4 Ne8 20. Nd1 Nc7 21. e4 Nb5 22. Be3 Nd4 23. Bxd4 Bxd4 24. Be2 Bxb2 25. Bxa6 Qa7 26. Nxb2 Ra8 27. Bc4 1-0

[Event "Titled Tuesday intern op 20th Feb Late"]
[Site "Chess.com INT"]
[Date "2024.02.20"]
[Round "7"]
[White "Adelman, Charles D"]
[Black "Lancman, Kyle"]
[Result "1-0"]
[WhiteElo "2268"]
[BlackElo "2075"]
[PlyCount "73"]
[EventDate "2024.02.20"]
[EventType "swiss (blitz)"]
[EventRounds "11"]
[EventCountry "USA"]
[SourceTitle "EXT 2025"]
[Source "ChessBase"]
[SourceDate "2024.10.14"]
[SourceVersion "1"]
[SourceVersionDate "2024.10.14"]
[SourceQuality "1"]

1. Nf3 c5 2. c4 g6 3. g3 Bg7 4. Bg2 Nc6 5. 0-0 e5 6. Nc3 Nge7 7. d3 0-0 8. a3 d6 9. Rb1 a5 10. Ne1 Be6 11. Nc2 d5 12. cxd5 Nxd5 13. Nxd5 Bxd5 14. b4 Bxg2 15. Kxg2 cxb4 16. axb4 a4 17. b5 Nd4 18. Ba3 Re8 19. Nxd4 exd4 20. Re1 Qd5+ 21. Kg1 Rec8 22. Qd2 Rc3 23. Qb2 Rb3 24. Qa2 Qxb5 25. Rec1 h5 26. h4 Re8 27. Rxb3 axb3 28. Qb2 Qa4 29. Rc4 Qa5 30. Rb4 Bf8 31. Rxb3 Bxa3 32. Rxa3 Qe1+ 33. Kg2 Rd8 34. Rb3 Re8 35. Rxb7 Rxe2 36. Qxd4 Kh7 37. Rxf7+ 1-0

[Event "Titled Tuesday intern op 20th Feb Late"]
[Site "Chess.com INT"]
[Date "2024.02.20"]
[Round "5"]
[White "Adelman, Charles D"]
[Black "Voicu, Teodor Mihnea"]
[Result "1/2-1/2"]
[WhiteElo "2268"]
[BlackElo "2145"]
[PlyCount "134"]
[EventDate "2024.02.20"]
[EventType "swiss (blitz)"]
[EventRounds "11"]
[EventCountry "USA"]
[SourceTitle "EXT 2025"]
[Source "ChessBase"]
[SourceDate "2024.10.14"]
[SourceVersion "1"]
[SourceVersionDate "2024.10.14"]
[SourceQuality "1"]

1. Nf3 d5 2. b3 Nf6 3. Bb2 Bf5 4. g3 e6 5. Bg2 Bd6 6. c4 0-0 7. 0-0 c6 8. d3 Nbd7 9. Nbd2 h6 10. Rc1 Bh7 11. Rc2 Qe7 12. Qa1 Rfe8 13. Ne5 Nxe5 14. Bxe5 Bxe5 15. Qxe5 Nd7 16. Qb2 Rac8 17. b4 Qd6 18. Rfc1 a6 19. a4 Rcd8 20. b5 axb5 21. axb5 c5 22. cxd5 exd5 23. Nf1 b6 24. Ne3 Nf6 25. Ra1 Ra8 26. Rcc1 Qe6 27. Qb3 Rxa1 28. Rxa1 Qe5 29. Ra2 Rd8 30. Bf3 Bg6 31. Ra6 Rd6 32. Ra8+ Kh7 33. Ra7 Qe6 34. Kg2 Qe8 35. Ra2 d4 36. Nc4 Re6 37. Ra6 Qd8 38. Qa2 Bh5 39. Ra8 Qe7 40. Qa7 Qxa7 41. Rxa7 Bxf3+ 42. Kxf3 Kg6 43. Rb7 Nd5 44. e4 Nc3 45. Rxb6 Rxb6 46. Nxb6 Nxb5 47. Nd7 c4 48. dxc4 Nd6 49. c5 Nc4 50. c6 f6 51. Nc5 Kf7 52. Ke2 Ke7 53. Kd3 Ne5+ 54. Kxd4 Nxc6+ 55. Ke3 Kd6 56. Nd3 Ke6 57. f4 Ne7 58. Nb4 Kd6 59. Kd4 g5 60. Nd5 Nc6+ 61. Ke3 f5 62. fxg5 hxg5 63. Nc3 Ke5 64. exf5 Kxf5 65. h4 gxh4 66. gxh4 Kg4 67. Ne4 Kxh4 1/2-1/2

[Event "Titled Tuesday intern op 20th Feb Late"]
[Site "Chess.com INT"]
[Date "2024.02.20"]
[Round "6"]
[White "Solcan, Martin"]
[Black "Adelman, Charles D"]
[Result "1-0"]
[WhiteElo "2204"]
[BlackElo "2268"]
[PlyCount "67"]
[EventDate "2024.02.20"]
[EventType "swiss (blitz)"]
[EventRounds "11"]
[EventCountry "USA"]
[SourceTitle "EXT 2025"]
[Source "ChessBase"]
[SourceDate "2024.10.14"]
[SourceVersion "1"]
[SourceVersionDate "2024.10.14"]
[SourceQuality "1"]

1. g3 d5 2. Nf3 c6 3. Bg2 Bf5 4. 0-0 h6 5. d3 e6 6. Nc3 Nf6 7. Nd2 Be7 8. e4 dxe4 9. dxe4 Bh7 10. f4 0-0 11. Qe2 Nbd7 12. g4 a5 13. g5 hxg5 14. fxg5 Ne8 15. Nf3 Nc5 16. Kh1 Qc7 17. Nd4 Qe5 18. Nf3 Qc7 19. Nh4 Rd8 20. Bf4 e5 21. Be3 Ne6 22. Qh5 Nf4 23. Bxf4 exf4 24. Nf5 Bg6 25. Qg4 Qe5 26. h4 Nd6 27. Nxe7+ Qxe7 28. h5 Bxe4 29. Rae1 Bxg2+ 30. Kxg2 Qd7 31. Qxf4 Rfe8 32. h6 g6 33. Qf6 Nf5 34. h7+ 1-0

[Event "Titled Tuesday intern op 02nd Jan Early"]
[Site "Chess.com INT"]
[Date "2024.01.02"]
[Round "7"]
[White "Adelman, Charles D"]
[Black "Martinez Pla, Xavier"]
[Result "1-0"]
[WhiteElo "2268"]
[BlackElo "2251"]
[PlyCount "131"]
[EventDate "2024.01.02"]
[EventType "swiss (blitz)"]
[EventRounds "11"]
[EventCountry "USA"]
[SourceTitle "EXT 2025"]
[Source "ChessBase"]
[SourceDate "2024.10.14"]
[SourceVersion "1"]
[SourceVersionDate "2024.10.14"]
[SourceQuality "1"]

1. Nf3 Nf6 2. c4 c5 3. g3 b6 4. Bg2 Bb7 5. 0-0 e6 6. Nc3 d6 7. d4 cxd4 8. Qxd4 Be7 9. b3 0-0 10. Bb2 a6 11. Rfe1 Nbd7 12. e4 Qc7 13. Rad1 Rfd8 14. h3 Rac8 15. Qe3 Ne5 16. Nd4 Bf8 17. f4 Ng6 18. f5 exf5 19. exf5 Ne5 20. Nd5 Bxd5 21. cxd5 Qd7 22. g4 h6 23. Nc6 Re8 24. Qf2 b5 25. Kh1 Nh7 26. Nxe5 dxe5 27. Bxe5 Ng5 28. d6 f6 29. Bg3 Kh8 30. Rxe8 Rxe8 31. Qb6 Rd8 32. Qc6 Nf7 33. Qxd7 Rxd7 34. Bc6 Rd8 35. d7 Ne5 36. Bxe5 fxe5 37. Rd5 Be7 38. Rxe5 Bf6 39. Re8+ Kh7 40. Kg2 h5 41. Kf3 Kh6 42. Rxd8 Bxd8 43. Ke4 hxg4 44. hxg4 Kg5 45. Ke5 Kxg4 46. Ke6 Kf4 47. Bb7 a5 48. Bc6 b4 49. Kf7 Kxf5 50. Ke8 Bb6 51. d8Q Bxd8 52. Kxd8 g5 53. Kc7 Ke5 54. Kb6 Kd4 55. Kxa5 Kc3 56. Ka4 g4 57. Bg2 g3 58. Bh1 Kb2 59. Kxb4 Kxa2 60. Ka4 Kb2 61. b4 Kc2 62. b5 Kc3 63. b6 Kd4 64. b7 g2 65. Bxg2 Kc5 66. b8Q 1-0

[Event "Titled Tuesday intern op 02nd Jan Early"]
[Site "Chess.com INT"]
[Date "2024.01.02"]
[Round "10"]
[White "Injac, Teodora"]
[Black "Adelman, Charles D"]
[Result "1-0"]
[WhiteElo "2439"]
[BlackElo "2268"]
[PlyCount "47"]
[EventDate "2024.01.02"]
[EventType "swiss (blitz)"]
[EventRounds "11"]
[EventCountry "USA"]
[SourceTitle "EXT 2025"]
[Source "ChessBase"]
[SourceDate "2024.10.14"]
[SourceVersion "1"]
[SourceVersionDate "2024.10.14"]
[SourceQuality "1"]

1. d4 Nf6 2. Nf3 c5 3. d5 d6 4. Nc3 g6 5. e4 a6 6. a4 Bg4 7. h3 Bxf3 8. Qxf3 Bg7 9. Be2 0-0 10. 0-0 Nbd7 11. Qg3 Ne8 12. Qh4 Rb8 13. Bg5 Bf6 14. f4 Bxg5 15. Qxg5 e5 16. dxe6 fxe6 17. Qg4 Qf6 18. Rad1 Qf7 19. Bc4 Ndf6 20. Qxe6 Qxe6 21. Bxe6+ Kg7 22. e5 dxe5 23. fxe5 Nh5 24. Rd7+ 1-0

[Event "Titled Tuesday intern op 02nd Jan Early"]
[Site "Chess.com INT"]
[Date "2024.01.02"]
[Round "3"]
[White "Lehtosaari, Mauri"]
[Black "Adelman, Charles D"]
[Result "1/2-1/2"]
[WhiteElo "2145"]
[BlackElo "2268"]
[PlyCount "140"]
[EventDate "2024.01.02"]
[EventType "swiss (blitz)"]
[EventRounds "11"]
[EventCountry "USA"]
[SourceTitle "EXT 2025"]
[Source "ChessBase"]
[SourceDate "2024.10.14"]
[SourceVersion "1"]
[SourceVersionDate "2024.10.14"]
[SourceQuality "1"]

1. d4 Nf6 2. c4 e6 3. Nc3 c5 4. d5 exd5 5. cxd5 d6 6. Nf3 g6 7. Bf4 a6 8. a4 Bg7 9. h3 0-0 10. e3 Qe7 11. Be2 Nbd7 12. 0-0 Ne8 13. Nd2 Nc7 14. Nc4 Ne5 15. Re1 Nxc4 16. Bxc4 Rb8 17. Qc2 b5 18. axb5 axb5 19. Be2 b4 20. Ne4 Ne8 21. Rac1 Bf5 22. Bf3 Bxe4 23. Bxe4 Nf6 24. Bf3 Nd7 25. b3 Ra8 26. Qc4 Ra5 27. e4 Ne5 28. Bg3 Nxf3+ 29. gxf3 Bc3 30. Red1 f6 31. Kg2 Rfa8 32. Rc2 Ra2 33. Rdc1 Rxc2 34. Rxc2 Ra1 35. Re2 Kg7 36. f4 Bd4 37. h4 h5 38. Qd3 Qb7 39. Qf3 Ra3 40. e5 fxe5 41. fxe5 dxe5 42. Bxe5+ Bxe5 43. Rxe5 Qf7 44. Qd3 Ra2 45. Qg3 Qf6 46. Re6 Qf5 47. Re7+ Kf8 48. d6 Qd5+ 49. Qf3+ Qxf3+ 50. Kxf3 Rd2 51. Re6 Kf7 52. Re5 Rxd6 53. Rxc5 Rd3+ 54. Kf4 Rxb3 55. Rc7+ Kf6 56. Rc6+ Kg7 57. Kg5 Rf3 58. Rc7+ Kf8 59. Kxg6 Rxf2 60. Rc8+ Ke7 61. Rb8 Rb2 62. Kxh5 Kd6 63. Kh6 Kc5 64. h5 Kc4 65. Kh7 Rh2 66. h6 b3 67. Kg7 Kc3 68. h7 Rxh7+ 69. Kxh7 b2 70. Rxb2 Kxb2 1/2-1/2

[Event "Titled Tuesday intern op 12th Dec Early"]
[Site "Chess.com INT"]
[Date "2023.12.12"]
[Round "2"]
[White "Aalto, Patrik"]
[Black "Adelman, Charles D"]
[Result "0-1"]
[WhiteElo "2236"]
[BlackElo "2268"]
[PlyCount "100"]
[EventDate "2023.12.12"]
[EventType "swiss (blitz)"]
[EventRounds "11"]
[EventCountry "USA"]
[SourceTitle "CBM 217 Extra"]
[Source "ChessBase"]
[SourceDate "2024.01.31"]
[SourceVersion "1"]
[SourceVersionDate "2024.01.31"]
[SourceQuality "1"]

1. c4 Nf6 2. Nc3 e6 3. g3 d5 4. d4 c6 5. Bg2 Be7 6. Nf3 0-0 7. 0-0 b6 8. b3 Bb7 9. Bb2 Nbd7 10. Qd3 Rc8 11. e4 dxe4 12. Nxe4 c5 13. Nxf6+ Bxf6 14. Rad1 cxd4 15. Bxd4 Bxf3 16. Bxf3 Bxd4 17. Qxd4 Nc5 18. Qc3 Qe7 19. Rd2 Rfd8 20. Rfd1 Rxd2 21. Qxd2 g6 22. Qb4 Rd8 23. Qe1 Rxd1 24. Qxd1 Kg7 25. b4 Na6 26. a3 Nc7 27. Qc2 e5 28. c5 bxc5 29. bxc5 f5 30. Bb7 e4 31. c6 Qe5 32. Qd2 Nd5 33. a4 Kf6 34. Qh6 e3 35. Qf8+ Kg5 36. f4+ Nxf4 37. gxf4+ Qxf4 38. Qd8+ Kg4 39. Qd1+ Kg5 40. Ba6 Qe5 41. Be2 f4 42. Qc1 Qc7 43. Qc5+ Kh4 44. Kg2 g5 45. h3 h5 46. Qd5 g4 47. hxg4 hxg4 48. Kg1 f3 49. Bxf3 Qg3+ 50. Bg2 Qf2+ 0-1

[Event "Titled Tuesday intern op 12th Dec Early"]
[Site "Chess.com INT"]
[Date "2023.12.12"]
[Round "3"]
[White "Adelman, Charles D"]
[Black "Hirneise, Jens"]
[Result "0-1"]
[WhiteElo "2268"]
[BlackElo "2270"]
[PlyCount "52"]
[EventDate "2023.12.12"]
[EventType "swiss (blitz)"]
[EventRounds "11"]
[EventCountry "USA"]
[SourceTitle "CBM 217 Extra"]
[Source "ChessBase"]
[SourceDate "2024.01.31"]
[SourceVersion "1"]
[SourceVersionDate "2024.01.31"]
[SourceQuality "1"]

1. Nf3 c6 2. c4 d5 3. b3 d4 4. g3 g6 5. d3 e5 6. Bg2 Nf6 7. 0-0 Nbd7 8. Nbd2 Bg7 9. b4 0-0 10. Bb2 Re8 11. e3 dxe3 12. fxe3 Qb6 13. d4 exd4 14. Bxd4 Qxb4 15. Rb1 Qe7 16. Re1 c5 17. Ba1 Nb6 18. a4 Bf5 19. Rb5 Bd7 20. Ra5 Bc6 21. Ne5 Bxg2 22. Kxg2 Nbd7 23. Nxd7 Nxd7 24. Bxg7 Kxg7 25. Nf3 a6 26. Qd5 b6 0-1

[Event "Titled Tuesday intern op 12th Dec Early"]
[Site "Chess.com INT"]
[Date "2023.12.12"]
[Round "6"]
[White "Kraiouchkine, Nikita"]
[Black "Adelman, Charles D"]
[Result "1-0"]
[WhiteElo "2218"]
[BlackElo "2268"]
[PlyCount "39"]
[EventDate "2023.12.12"]
[EventType "swiss (blitz)"]
[EventRounds "11"]
[EventCountry "USA"]
[SourceTitle "CBM 217 Extra"]
[Source "ChessBase"]
[SourceDate "2024.01.31"]
[SourceVersion "1"]
[SourceVersionDate "2024.01.31"]
[SourceQuality "1"]

1. e4 Nf6 2. Nc3 d6 3. d4 Nbd7 4. f4 e5 5. Nf3 exd4 6. Qxd4 c6 7. Be3 Be7 8. 0-0-0 Ng4 9. Qxg7 Nxe3 10. Qxh8+ Nf8 11. Re1 Bf6 12. Qg8 Nxf1 13. e5 dxe5 14. Rhxf1 Be6 15. Ne4 Be7 16. Rd1 Qa5 17. Nc3 Bb4 18. f5 Bc4 19. Nxe5 Bxf1 20. Qxf7# 1-0

[Event "Titled Tuesday intern op 12th Dec Early"]
[Site "Chess.com INT"]
[Date "2023.12.12"]
[Round "10"]
[White "Petrova, Irina"]
[Black "Adelman, Charles D"]
[Result "1/2-1/2"]
[WhiteElo "2108"]
[BlackElo "2268"]
[PlyCount "75"]
[EventDate "2023.12.12"]
[EventType "swiss (blitz)"]
[EventRounds "11"]
[EventCountry "USA"]
[SourceTitle "CBM 217 Extra"]
[Source "ChessBase"]
[SourceDate "2024.01.31"]
[SourceVersion "1"]
[SourceVersionDate "2024.01.31"]
[SourceQuality "1"]

1. e4 Nf6 2. e5 Nd5 3. d4 d6 4. c4 Nb6 5. exd6 cxd6 6. Nc3 g6 7. Be3 Bg7 8. Rc1 0-0 9. b3 Nc6 10. Nf3 e5 11. dxe5 dxe5 12. Qxd8 Rxd8 13. Be2 Bg4 14. 0-0 Rab8 15. h3 Bxf3 16. Bxf3 Nd4 17. Bxd4 exd4 18. Nd5 Nxd5 19. Bxd5 Re8 20. Rfe1 Kf8 21. Kf1 b6 22. Bc6 Rxe1+ 23. Rxe1 Rc8 24. Bd5 Re8 25. Rxe8+ Kxe8 26. Ke2 Ke7 27. Kd3 h6 28. b4 Be5 29. c5 bxc5 30. bxc5 f6 31. Kc4 Kd7 32. Be4 g5 33. Bc2 Kc7 34. Kd5 Kd7 35. c6+ Kc7 36. Bd3 Bd6 37. Kxd4 Kxc6 38. Be4+ 1/2-1/2

[Event "Titled Tuesday intern op 11th Apr Early"]
[Site "Chess.com INT"]
[Date "2023.04.11"]
[Round "4"]
[White "Adelman, Charles D"]
[Black "Krstulovic, Alex"]
[Result "1/2-1/2"]
[WhiteElo "2268"]
[BlackElo "2428"]
[PlyCount "137"]
[EventDate "2023.04.11"]
[EventType "swiss (blitz)"]
[EventRounds "11"]
[EventCountry "USA"]
[SourceTitle "CBM 213 Extra"]
[Source "ChessBase"]
[SourceDate "2023.05.31"]
[SourceVersion "1"]
[SourceVersionDate "2023.05.31"]
[SourceQuality "1"]

1. Nf3 c6 2. b3 d5 3. c4 Nf6 4. Bb2 Bf5 5. g3 e6 6. Bg2 Be7 7. 0-0 0-0 8. d3 Nbd7 9. Nbd2 a5 10. a3 Bd6 11. Qc2 Bg6 12. Rfe1 Qe7 13. Nh4 Bh5 14. h3 e5 15. Nf5 Qe6 16. Nxd6 Qxd6 17. Rac1 Bg6 18. cxd5 Nxd5 19. Nc4 Qe7 20. e4 N5b6 21. Nxb6 Nxb6 22. Qc5 Qxc5 23. Rxc5 Nd7 24. Rc4 c5 25. f4 f6 26. Rec1 Bf7 27. R4c3 b6 28. Kf2 Rfd8 29. Ke3 exf4+ 30. gxf4 Nf8 31. Rd1 Ne6 32. Rc2 Nd4 33. Bxd4 cxd4+ 34. Kd2 Bxb3 35. Rc6 Bxd1 36. Kxd1 b5 37. e5 fxe5 38. fxe5 Rac8 39. Rb6 Rb8 40. Ra6 b4 41. Rxa5 b3 42. Kc1 b2+ 43. Kb1 Rdc8 44. Bd5+ Kh8 45. Bc4 Rf8 46. Rb5 Rxb5 47. Bxb5 Rf5 48. Kxb2 Rxe5 49. a4 g5 50. Kb3 Rc5 51. Kb4 Rc1 52. a5 h5 53. a6 Rc7 54. Ka5 g4 55. hxg4 hxg4 56. Kb6 Rc8 57. Kb7 Rg8 58. a7 g3 59. Bc6 Kg7 60. a8Q Rxa8 61. Kxa8 Kf6 62. Kb7 Ke5 63. Be4 Kf4 64. Kc6 Ke3 65. Kd5 g2 66. Bxg2 Kxd3 67. Bh3 Ke3 68. Bf5 d3 69. Bxd3 1/2-1/2

[Event "Titled Tuesday intern op 11th Apr Early"]
[Site "Chess.com INT"]
[Date "2023.04.11"]
[Round "3"]
[White "Jaivardhan, Raj"]
[Black "Adelman, Charles D"]
[Result "0-1"]
[WhiteElo "1901"]
[BlackElo "2268"]
[PlyCount "88"]
[EventDate "2023.04.11"]
[EventType "swiss (blitz)"]
[EventRounds "11"]
[EventCountry "USA"]
[SourceTitle "CBM 213 Extra"]
[Source "ChessBase"]
[SourceDate "2023.05.31"]
[SourceVersion "1"]
[SourceVersionDate "2023.05.31"]
[SourceQuality "1"]

1. e4 Nf6 2. e5 Nd5 3. d4 d6 4. c4 Nb6 5. exd6 cxd6 6. Nc3 g6 7. Nf3 Bg7 8. Bd3 0-0 9. 0-0 e5 10. dxe5 dxe5 11. Be3 Nc6 12. Qc2 Bg4 13. Be2 Qe7 14. Bxb6 axb6 15. Nd5 Qc5 16. Qd2 e4 17. Ng5 Bxe2 18. Qxe2 Nd4 19. Qxe4 Rae8 20. Qh4 h6 21. Ne4 Qxc4 22. Ndf6+ Kh8 23. Nxe8 Rxe8 24. f3 f5 25. b3 Qb4 26. a3 Qxb3 27. Nf6 Re6 28. Qxd4 Bxf6 29. Qd7 Bxa1 30. Qd8+ Kg7 31. Qd7+ Kf6 32. Qd8+ Re7 33. Qd6+ Re6 34. Qf8+ Kg5 35. Qd8+ Bf6 36. Qd2+ Qe3+ 37. Qxe3+ Rxe3 38. h3 Rxa3 39. Kh2 Be5+ 40. Kh1 Bg3 41. f4+ Kh5 42. Rd1 Ra4 43. Rd7 Ra1+ 44. Rd1 Rxd1# 0-1